TSX 60 Quiz Stats

 Plays Quiz not verified by Sporcle

Challenge
Share
Tweet
Embed
Score 0/60 Timer 15:00
0 Plays Today
Symbol Company % Correct
BMOBANK OF MONTREAL
100%
TDTORONTO-DOMINION BANK
95.3%
BNSBANK OF NOVA SCOTIA
93%
CNRCANADIAN NATIONAL RAIL
93%
POTPOTASH CORPORATION
93%
RIMRESEARCH IN MOTION
93%
RYROYAL BANK
93%
BCEBCE
90.7%
CPCANADIAN PACIFIC RAILWAY
88.4%
ABXBARRICK GOLD
86%
CMCANADIAN IMPERIAL BANK OF COMMERCE
86%
TTELUS
83.7%
SUSUNCOR
79.1%
ECAENCANA
76.7%
BBD.BBOMBARDIER
74.4%
ELDELDORADO GOLD
74.4%
LLOBLAW
74.4%
MG.AMAGNA INTERNATIONAL
74.4%
MFCMANULIFE
74.4%
SNCSNC-LAVALIN
74.4%
NANATIONAL BANK OF CANADA
72.1%
RCI.BROGERS COMMUNICATIONS
72.1%
SLFSUN LIFE
72.1%
TCK.BTECK RESOURCES
69.8%
ENBENBRIDGE
67.4%
GGOLDCORP
67.4%
SAPSAPUTO
67.4%
POWPOWER CORPORATION OF CANADA
65.1%
AGUAGRIUM
62.8%
CNQCANADIAN NATURAL RESOURCES
62.8%
Symbol Company % Correct
TRPTRANSCANADA
62.8%
BAM.ABROOKFIELD ASSET MANAGEMENT
60.5%
GILGILDAN ACTIVEWEAR
58.1%
HSEHUSKY ENERGY
55.8%
KKINROSS
55.8%
NXYNEXEN
55.8%
YRIYAMANA GOLD
55.8%
IMOIMPERIAL OIL
53.5%
TRITHOMSON REUTERS
53.5%
TATRANSALTA
53.5%
AEMAGNICO-EAGLE MINES
48.8%
CTC.ACANADIAN TIRE
48.8%
SJR.BSHAW COMMUNICATIONS
48.8%
COSCANADIAN OIL SANDS TRUST
46.5%
INMINMET MINING
46.5%
THITIM HORTONS
46.5%
WNGEORGE WESTON
44.2%
YLO.UNYELLOW PAGES
44.2%
FTSFORTIS
41.9%
CVECENOVUS ENERGY
37.2%
IMGIAMGOLD
37.2%
MRUMETRO
37.2%
SCSHOPPERS DRUG MART
34.9%
CCOCAMECO
32.6%
BVFBIOVAIL
30.2%
TLMTALISMAN ENERGY
25.6%
ERF.UNENERPLUS RESOURCES
23.3%
PWT.UNPENN WEST ENERGY
16.3%
AET.UNARC ENERGY TRUST
11.6%
FMFIRST QUANTUM MINERALS
9.3%

You're not logged in!

Compare scores with friends on all Sporcle quizzes.
Join for Free
OR
Log In

You Might Also Like...

Show Comments

Extras

Created Jul 13, 2010SourceReportNominate
Tags:Company Quiz, symbol

Top Quizzes Today


Score Distribution

Your Account Isn't Verified!

In order to create a playlist on Sporcle, you need to verify the email address you used during registration. Go to your Sporcle Settings to finish the process.

Report this User

Report this user for behavior that violates our Community Guidelines.

Details: